| 000 | 00437nam a2200145Ia 4500 | ||
|---|---|---|---|
| 008 | 230917s9999||||xx |||||||||||||| ||und|| | ||
| 040 |
_e172765 _aMAIN |
||
| 041 | _aEnglish | ||
| 082 | _a891.433721 GM181A | ||
| 100 | _aगर्ग, मृदुला | ||
| 245 | 0 | _aअनित्य | |
| 260 |
_aनई दिल्ली _bनेशनल पब्लिशिंग हाउस _c1980 |
||
| 300 | _a297 पृ. p. | ||
| 942 | _cHN | ||
| 999 |
_c213042 _d213042 |
||